Watts pocket handbook 2004 (Record no. 103459)

MARC details
000 -LEADER
fixed length control field 01815cam a2200529 4500
008 - FIXED-LENGTH DATA ELEMENTS--GENERAL INFORMATION
fixed length control field 000000n2004 000 0 eng u
020 ## - INTERNATIONAL STANDARD BOOK NUMBER
International Standard Book Number 1870776216
035 ## - SYSTEM CONTROL NUMBER
System control number (Sirsi) u125742
041 ## - LANGUAGE CODE
Language code of text/sound track or separate title eng
050 ## - LIBRARY OF CONGRESS CALL NUMBER
Classification number 690.2
-- 18
110 ## - MAIN ENTRY--CORPORATE NAME
Corporate name or jurisdiction name as entry element Watts and Partners
9 (RLIN) 2303
245 ## - TITLE STATEMENT
Title Watts pocket handbook 2004
250 ## - EDITION STATEMENT
Edition statement 20th ed.
260 ## - PUBLICATION, DISTRIBUTION, ETC.
Place of publication, distribution, etc. London
Name of publisher, distributor, etc. Watts and Partners
Date of publication, distribution, etc. 2004
300 ## - PHYSICAL DESCRIPTION
Extent vi, 258p.
Dimensions 18cm.
350 ## - PRICE (NR) (BK AM CF MU VM SE) [OBSOLETE]
Price 12
505 ## - FORMATTED CONTENTS NOTE
Formatted contents note Property acquisition and disposal
505 ## - FORMATTED CONTENTS NOTE
Formatted contents note Development and procurement
505 ## - FORMATTED CONTENTS NOTE
Formatted contents note Legislation and regulation
505 ## - FORMATTED CONTENTS NOTE
Formatted contents note Architectural, engineering and services design
505 ## - FORMATTED CONTENTS NOTE
Formatted contents note Materials and defects
505 ## - FORMATTED CONTENTS NOTE
Formatted contents note Conservation and the environment
505 ## - FORMATTED CONTENTS NOTE
Formatted contents note Maintenance management
505 ## - FORMATTED CONTENTS NOTE
Formatted contents note Cost management and taxation
505 ## - FORMATTED CONTENTS NOTE
Formatted contents note Useful information
520 ## - SUMMARY, ETC.
Summary, etc. 2004 edition of this annual publication providing legal and technical advice and guidance for those working in property and construction.
520 ## - SUMMARY, ETC.
Summary, etc. Superseded by 2005 edition (isbn 1870776224)
650 ## - SUBJECT ADDED ENTRY--TOPICAL TERM
Topical term or geographic name entry element BUILDING CONTROL
9 (RLIN) 6222
650 ## - SUBJECT ADDED ENTRY--TOPICAL TERM
Topical term or geographic name entry element BUILT ENVIRONMENT-BUILDING COSTS
650 ## - SUBJECT ADDED ENTRY--TOPICAL TERM
Topical term or geographic name entry element BUILDING DEFECTS
650 ## - SUBJECT ADDED ENTRY--TOPICAL TERM
Topical term or geographic name entry element BUILT ENVIRONMENT-BUILDING MAINTENANCE AND REFURBISHMENT
650 ## - SUBJECT ADDED ENTRY--TOPICAL TERM
Topical term or geographic name entry element BUILT ENVIRONMENT-BUILDING MATERIALS
650 ## - SUBJECT ADDED ENTRY--TOPICAL TERM
Topical term or geographic name entry element BUILDING REGULATIONS
9 (RLIN) 6224
650 ## - SUBJECT ADDED ENTRY--TOPICAL TERM
Topical term or geographic name entry element COMMERICAL PROPERTY SURVEYS
650 ## - SUBJECT ADDED ENTRY--TOPICAL TERM
Topical term or geographic name entry element CONSERVATION
650 ## - SUBJECT ADDED ENTRY--TOPICAL TERM
Topical term or geographic name entry element CONTRACT MANAGEMENT
650 ## - SUBJECT ADDED ENTRY--TOPICAL TERM
Topical term or geographic name entry element Cost management
9 (RLIN) 6233
650 ## - SUBJECT ADDED ENTRY--TOPICAL TERM
Topical term or geographic name entry element EASEMENTS
650 ## - SUBJECT ADDED ENTRY--TOPICAL TERM
Topical term or geographic name entry element HOME INFORMATION PACKS
650 ## - SUBJECT ADDED ENTRY--TOPICAL TERM
Topical term or geographic name entry element INDUSTRIAL PROPERTY SURVEYS
650 ## - SUBJECT ADDED ENTRY--TOPICAL TERM
Topical term or geographic name entry element PROCUREMENT METHODS
650 ## - SUBJECT ADDED ENTRY--TOPICAL TERM
Topical term or geographic name entry element BUILT ENVIRONMENT-BUILDING COSTS-REINSTATEMENT COSTS
650 ## - SUBJECT ADDED ENTRY--TOPICAL TERM
Topical term or geographic name entry element RESIDENTIAL SURVEYS
650 ## - SUBJECT ADDED ENTRY--TOPICAL TERM
Topical term or geographic name entry element TOWN PLANNING
690 ## - LOCAL SUBJECT ADDED ENTRY--TOPICAL TERM (OCLC, RLIN)
Topical term or geographic name as entry element BUILT ENVIRONMENT
942 ## - ADDED ENTRY ELEMENTS (KOHA)
Suppress in OPAC 0
Holdings
Withdrawn status Lost status Source of classification or shelving scheme Damaged status Not for loan Home library Current library Shelving location Date acquired Cost, normal purchase price Total Checkouts Full call number Barcode Date last seen Date last checked out Copy number Cost, replacement price Price effective from Koha item type
    Dewey Decimal Classification     London London Basement 21/04/2004 12.00 16 SHELF 328 30069200 06/08/2019 07/02/2007 1 12.00 06/08/2019 Book